000 00372nam a2200133Ia 4500
008 220217s9999||||xx |||||||||||||| ||und||
020 _a81-7853-112-7
082 _a005.13 ROB
100 _aRobbins, John
_95434
245 0 _aDebugging microsoft .net 2.0 applications
260 _aWP publishers
_bBangalore
_c2007
300 _b699
650 _aPROGRAMMING LANGUAGE
999 _c176375
_d176375